Statistics for Cities of Orange County, CA

Click here to take the quiz!

General Stats

  • This quiz has been taken 9 times
  • The average score is 16 of 34

Answer Stats

HintAnswer% Correct
1Anaheim
89%
6Fullerton
89%
4Huntington Beach
89%
3Irvine
89%
7Orange
78%
2Santa Ana
78%
30Laguna Beach
67%
20Aliso Viejo
56%
5Garden Grove
56%
16Laguna Niguel
56%
17San Clemente
56%
26San Juan Capistrano
56%
13Buena Park
44%
22Cypress
44%
27Dana Point
44%
28Laguna Hills
44%
11Lake Forest
44%
12Newport Beach
44%
24Rancho Santa Margarita
44%
15Yorba Linda
44%
23Brea
33%
8Costa Mesa
33%
31Laguna Woods
33%
18La Habra
33%
9Mission Viejo
33%
29Seal Beach
33%
14Tustin
33%
10Westminster
33%
19Fountain Valley
22%
33Los Alamitos
22%
21Placentia
22%
34Villa Park
22%
32La Palma
11%
25Stanton
11%

Score Distribution

Percentile by Number Answered

Percent of People with Each Score

Your Score History

You have not taken this quiz